A Country and a Capital A-Z - Statistics

General Stats
  • This quiz has been taken 89 times
  • The average score is 39 of 46
Answer Stats
Hint Hint Answer % Correct
A Country Afghanistan / Albania / Algeria / Andorra / Angola / Antigua / Argentina / Armenia / Australia / Austria / Azerbaijan
100%
B Country Bahamas / Bahrain / Bangladesh / Barbados / Belarus / Belgium / Belize / Benin / Bhutan / Bolivia / Bosnia / Botswana / Brazil / Brunei / Bulgaria / Burkina Faso / Burma / Burundi
99%
B Capital Baghdad / Baku / Bamako / Bandar Seri Begawan / Bangkok / Bangui / Banjul / Basseterre / Beijing / Beirut / Belgrade / Belmopan / Berlin / Bern / Bishkek / Bissau / Bogotá / Brasília / Bratislava / Brazzaville / Bridgetown / Brussels / Bucharest / Budapest / Buenos Aires / Bujumbura
97%
C Country Cambodia / Cameroon / Canada / Cape Verde / Central African Republic / Chad / Chile / China / Comoros / Congo / Costa Rica / Croatia / Cuba / Cyprus / Czech Republic / Colombia
97%
D Country Democratic Republic of the Congo / Denmark / Djibouti / Dominica / Dominican Republic
96%
G Country Gabon / Gambia / Georgia / Germany / Ghana / Greece / Grenada / Guatemala / Guinea / Guinea-Bissau / Guyana
96%
M Country Madagascar / Malawi / Malaysia / Maldives / Mali / Malta / Marshall Islands / Mauritania / Mauritius / Mexico / Micronesia / Moldova / Monaco / Mongolia / Morocco / Mozambique / Montenegro
96%
F Country Fiji / Finland / France
94%
H Country Haiti / Holy See / Honduras / Hungary
94%
I Country Iceland / India / Indonesia / Iran / Iraq / Ireland / Israel / Italy
94%
J Country Jamaica / Japan / Jordan
94%
K Country Kazakhstan / Kenya / Kiribati / Kuwait / Kyrgyzstan / Kosovo
94%
L Country Laos / Latvia / Lebanon / Lesotho / Liberia / Libya / Liechtenstein / Lithuania / Luxembourg
94%
N Country North Macedonia / Namibia / Nauru / Nepal / Netherlands / New Zealand / Nicaragua / Niger / Nigeria / Norway
94%
P Country Pakistan / Palau / Panama / Papua New Guinea / Paraguay / Peru / Philippines / Poland / Portugal
93%
A Capital Abu Dhabi / Abuja / Accra / Addis Ababa / Algiers / Amman / Amsterdam / Andorra La Vella / Ankara / Antananarivo / Apia / Ashgabat / Asmara / Astana / Asunción / Athens
91%
M Capital Madrid / Majuro / Malabo / Malé / Managua / Manama / Manila / Maputo / Maseru / Mbabane / Melekeok / Mexico / Minsk / Mogadishu / Monaco / Monrovia / Montevideo / Moroni / Moscow / Muscat
91%
O Country Oman
91%
Q Country Qatar
90%
S Country Saint Kitts / Saint Lucia / Saint Vincent / Samoa / San Marino / Sao Tome / Saudi Arabia / Senegal / Serbia / Seychelles / Sierra Leone / Singapore / Slovakia / Slovenia / Solomon Islands / Somalia / South Africa / South Korea / Spain / Sri Lanka / Sudan / Suriname / Swaziland / Sweden / Switzerland / Syria
90%
L Capital La Paz / Libreville / Lilongwe / Lima / Lisbon / Ljubljana / Lomé / London / Luanda / Lusaka / Luxembourg
88%
R Country Romania / Russia / Rwanda
88%
U Country Uganda / Ukraine / United Arab Emirates / United Kingdom / United States / Uruguay / Uzbekistan
88%
D Capital Dakar / Damascus / Dhaka / Dili / Djibouti / Dodoma / Doha / Dublin / Dushanbe
87%
T Country Taiwan / Tajikistan / Tanzania / Thailand / Timor-Leste / Togo / Tonga / Trinidad / Tunisia / Turkey / Turkmenistan / Tuvalu
87%
Z Country Zambia / Zimbabwe
85%
V Country Vanuatu / Venezuela / Vietnam / Vatican
84%
Y Country Yemen
84%
C Capital Cairo / Canberra / Caracas / Castries / Chisinau / Conakry / Copenhagen
82%
K Capital Kabul / Kampala / Kathmandu / Khartoum / Kiev / Kigali / Kingston / Kingstown / Kinshasa / Kuala Lumpur / Kuwait
82%
P Capital Palikir / Panama / Paramaribo / Paris / Phnom Penh / Podgorica / Port Louis / Port Moresby / Port Of Spain / Port Vila / Port-au-prince / Porto-novo / Prague / Praia / Pretoria / Pyongyang
82%
T Capital Taipei / Tallinn / Tashkent / Tbilisi / Tegucigalpa / Tehran / Thimphu / Tirana / Tokyo / Tripoli / Tunis
82%
O Capital Oslo / Ottawa / Ouagadougou
81%
H Capital Hanoi / Harare / Havana / Helsinki / Honiara
76%
S Capital San Marino / San Salvador / Sanaá / Santiago / Santo Domingo / Sarajevo / Seoul / Singapore / Skopje / Sofia / South Tarawa / Sri Jayawardenepura / St. George's / St. John's / Stockholm / Suva / São Tomé
76%
G Capital Gaborone / Georgetown / Guatemala / Gitega
75%
J Capital Jakarta / Jerusalem / Juba
75%
R Capital Rabat / Reykjavík / Riga / Riyadh/ Rome / Roseau
75%
N Capital N'djamena / Nairobi / Nassau / Naypyidaw / New Delhi / Niamey / Nicosia / Nouakchott / Nukuʻalofa / North Korea
74%
V Capital Vaduz / Valletta / Vatican / Victoria / Vienna / Vientiane / Vilnius
72%
Q Capital Quito
69%
I Capital Islamabad
63%
U Capital Ulaanbaatar
63%
Z Capital Zagreb
63%
Y Capital Yamoussoukro / Yaoundé / Yaren / Yerevan
60%
F Capital Freetown / Funafuti
53%
No matching quizzes found
Score Distribution
Percent of People with Each Score
Percentile by Number Answered
Your Score History
You have not taken this quiz